000 00654ntaaa2200193 4500
003 01
005 20251027202250.0
008 0714s1973 ag 01
040 _aAR-BaBN
_bspa
_cAR-BaBN
_eaacr
_dRIC
082 _a268.4320 T27b
100 _aTerrell, Jerry
_921035
245 _aBasic preschool work
250 _a1 ed.
260 _aNashville :
_bConvention Press,
_c1981
300 _a160 p ;
_cilu. : 20 cm
500 _aActividades para evaluación, indicaciones para estudiar el libro en un curso y formulario para acreditar el estudio del libro en un curso.El librocarece de portada.
650 _aescuela dominical-parvulos
_921008
942 _cBK
999 _c17429
_d17429